Krížovky a sudoku

Podrobná bibliografia
Médium: Časopis
Jazyk:slovenčina
Vydavateľské údaje: Bratislava GK Invest, s.r.o. 2011-
ISSN:1338-6107
Predmet:

MARC

LEADER 00000cas a2200000 a 4500
001 vtls010689797
003 SK-MaSNL
005 20260228162013.0
008 150701c20119999xo zr p 0 0slo
022 |a 1338-6107 
040 |a SNK  |b slo  |c SNK  |e AACR2 
041 0 |a slo 
044 |a xo  |c SK 
072 7 |a 79  |x Rekreácia. Voľný čas. Zábavy. Hry. Šport  |2 konspekt 
080 |a 793.7  |2 2011 
080 |a 050  |2 2011 
080 |a 379.8(051)  |2 2011 
210 0 |a Kríž. sudoku 
222 0 |a Krížovky a sudoku 
245 0 0 |a Krížovky a sudoku 
246 1 3 |a Krížovky aj pre seniorov  |b sudoku, doplňovačky, dosadzovačky 
246 1 |i Názov v tiráži:  |a Krížovky & sudoku 
260 |a Bratislava  |b GK Invest, s.r.o.  |c 2011- 
310 |a Občasník 
362 |a Č. 1 (zima 2011/2012)- 
500 |a Popis podľa: letné vyd. 2014 
500 |a Šéfredaktorka: ?- , Oľga Kašová 
500 |a Evidenčné číslo: EV 4489/11 
500 |a V r. 2018 je č. 3 vydané ako zima 2018/2019 
650 0 7 |a krížovky  |2 SNKPH  |9 3313 
650 0 7 |a sudoku  |2 SNKPH  |9 265803 
655 7 |a časopisy pre voľný čas  |2 SNKPH  |9 70337 
700 1 |a Kašová, Oľga  |4 pbl  |9 270176 
910 |a snk 
999 |c 6400  |d 8330 
952 |0 0  |1 0  |4 0  |7 0  |8 0  |a SNK  |b SNK  |d 2023-01-12  |i snk2023/336  |l 0  |o snkČSB 7126/9/2019  |p 17A1465293  |r 2026-02-21 20:02:36  |t len č. 2  |w 2026-02-21  |y PREZ 
952 |0 0  |1 0  |4 0  |7 0  |8 0  |a SNK  |b SNK  |d 2023-01-12  |i snk2023/340  |l 0  |o snkČSB 7126/10/2020  |p 17A1465292  |r 2026-02-21 20:02:36  |t č. 1-4  |w 2026-02-21  |y PREZ 
952 |0 0  |1 0  |4 0  |7 0  |8 0  |a SNK  |b SNK  |d 2023-01-12  |i snk2023/341  |l 0  |o snkČSB 7126/11/2021  |p 17A1465291  |r 2026-02-21 20:02:36  |t č. 1-2  |w 2026-02-21  |y PREZ 
952 |0 0  |1 0  |3 Spoločne zviazané r. 2014-2018  |4 0  |7 0  |8 0  |a SNK  |b SNK  |d 2019-05-29  |i snk2019/14733  |l 0  |o snkČSB 7126/2017  |p 17A1367804  |r 2026-02-21 20:14:01  |t č. zima-jar, leto-jeseň  |w 2026-02-21  |y PREZ  |z Spoločne zviazané r. 2014-2018 
952 |0 0  |1 0  |3 Spoločne zviazané r. 2014-2018  |4 0  |7 0  |8 0  |a SNK  |b SNK  |d 2019-05-29  |i snk2019/14733  |l 0  |o snkČSB 7126/2018-2019  |p 17A1367805  |r 2026-02-21 20:14:01  |t č. 1-3  |w 2026-02-21  |y PREZ  |z -č. 3 vydané ako zima 2018/2019 ; Spoločne zviazané r. 2014-2018 
952 |0 0  |1 0  |3 Spoločne zviazané r. 2014-2018  |4 0  |7 0  |8 0  |a SNK  |b SNK  |d 2019-05-29  |i snk2019/14733  |l 0  |o snkČSB 7126/2014  |p 17A1367800  |r 2026-02-21 20:14:02  |t č. letné vyd.  |w 2026-02-21  |y PREZ  |z Spoločne zviazané r. 2014-2018 
952 |0 0  |1 0  |3 Spoločne zviazané r. 2014-2018  |4 0  |7 0  |8 0  |a SNK  |b SNK  |d 2019-05-29  |i snk2019/14733  |l 0  |o snkČSB 7126/2015-2016  |p 17A1367802  |r 2026-02-21 20:14:03  |t č. máj-3  |w 2026-02-21  |y PREZ  |z Obsahuje: č. 5-6, leto-jeseň, vianočno-novoročné. ; Spoločne zviazané r. 2014-2018 
952 |0 0  |1 0  |3 Spoločne zviazané r. 2014-2018  |4 0  |7 0  |8 0  |a SNK  |b SNK  |d 2019-05-29  |i snk2019/14733  |l 0  |o snkČSB 7126/2016  |p 17A1367803  |r 2026-02-21 22:07:32  |t č. jar-leto, jeseň  |w 2026-02-21  |y PREZ  |z Spoločne zviazané r. 2014-2018